000 00581nam a2200217 a 4500
999 _c5016
_d5016
001 5016
003 BD-JhCC
005 20171206200451.0
008 171206s19861991xxu |||| || | 000 0 eng d
035 _a(BD-JhCC)5016
040 _aBD-JhCC
_dBD-JhCC
041 _aeng
082 _a428.3
_bBAS 1991
100 _aBashiruddin, Mohammad
245 _aThe Most Common Mistakes in English Pronunciation /
_cMohammad Bashiruddin,
260 _aDhaka :
_bHakkani Publishers,
_c1991
300 _a86 p. :
_c22 cm.
650 _aEnglish Language
942 _2ddc
_cBK